=LDR 00000nam 2200000 4500 =001 INLIS000000000038081 =005 20130612143755 =008 ***********************************Ind** =035 ##$$a0010-061300000038081 =041 ##$$a Ind =082 ##$$a 920 =090 ##$$a 920.598 5 Ang s =100 ##$$a Anggraini Maria Rosa =245 ##$$a 100 pahlawan Indonesia, Maria Rosa Anggraini =260 ##$$a 2012 $b Tangerang =300 ##$$a 112 hlm., ilus., 30 cm =650 ##$$a Pahlawan Indonesia =850 ##$$a NBPNMAT =990 ##$$a 21194999/BPAP-NTB/2014 =990 ##$$a 86388638 =990 ##$$a 211077832 =990 ##$$a 21194999/BPAP-NTB/2014